000 00343nam a2200145Ia 4500
005 20251222140048.0
008 251222s1900||||xx |||||||||||||| ||spa||
020 _a8425401232
082 _a190/V53H5
100 _aVerneaux, Roger
245 0 _aHistoria de la Filosofía Contemporánea
250 _a7a.ed.
264 _bHerder
942 _cLIB
999 _c3499
_d3499